| 000 | 00622nam a2200205 a 4500 | ||
|---|---|---|---|
| 003 | OSt | ||
| 005 | 20240226122748.0 | ||
| 008 | 180308t pk | |||| 000 j urd d | ||
| 020 | _a9789695733066 | ||
| 040 | _c0 | ||
| 082 |
_a891.4393 _bHAJ |
||
| 100 | 1 | 0 |
_aحجازی،نسيم _947098 |
| 245 | 1 | 0 |
_aثقافت کی تالاش _cNaseem Hajazi |
| 246 | _aSaqafat Ki Talaash | ||
| 260 |
_aLahore: _bJavid Pres; |
||
| 300 | _a124 p.: | ||
| 650 |
_aUrdu literature _xShort Stores _9121320 |
||
| 942 |
_2ddc _cBK _aSADA _k891.4393 HAJ |
||
| 999 |
_c608176 _d608176 |
||